Merged Flags #2 - Statistics

General Stats
  • This quiz has been taken 1,557 times
  • The average score is 20 of 28
Answer Stats
Hint Answer % Correct
South Africa
95%
San Marino
92%
Bhutan
91%
North Macedonia
91%
Iraq
87%
Colombia
86%
Brunei
82%
Zambia
80%
Kiribati
79%
Armenia
77%
Saint Lucia
76%
Vatican City
76%
Venezuela
75%
Maldives
73%
Mauritania
71%
Rwanda
71%
Saint Vincent and the Grenadines
71%
Dominica
70%
Sierra Leone
67%
Turkmenistan
67%
Malawi
65%
Senegal
64%
Belarus
62%
Vanuatu
61%
Guyana
54%
Marshall Islands
50%
Burundi
47%
Malta
45%
No matching quizzes found
Score Distribution
Percent of People with Each Score
Percentile by Number Answered
Your Score History
You have not taken this quiz